[Event "Ruhrgebiet Verbandsklasse Gruppe 3 1819"]
[Site "Nordrheinwestfalen"]
[Date "2019.05.05"]
[Round "9.3"]
[White "Albers, Damian"]
[Black "Dunsche, Daniel"]
[Result "1/2-1/2"]
[WhiteElo "2048"]
[BlackElo "1930"]
[PlyCount "111"]
[EventDate "2018.09.23"]
[EventType "team-tourn"]
[EventRounds "9"]
[EventCountry "GER"]
[SourceTitle "EXT 2022"]
[Source "ChessBase"]
[SourceDate "2021.10.06"]
[SourceVersion "1"]
[SourceVersionDate "2021.10.06"]
[SourceQuality "1"]
[WhiteTeam "Brackel SF IV"]
[BlackTeam "Waltrop SV"]
[WhiteTeamCountry "GER"]
[BlackTeamCountry "GER"]

1. e4 e6 2. d3 d5 3. Nd2 Nf6 4. g3 c5 5. Bg2 Nc6 6. Ngf3 Be7 7. 0-0 0-0 8. Re1 b5 9. e5 Nd7 10. Nf1 Qc7 11. Bf4 Bb7 12. h4 Rfc8 13. N1h2 Nd4 14. c3 Nxf3+ 15. Nxf3 a5 16. Ng5 h6 17. Nxe6 fxe6 18. Qg4 Kh8 19. Qxe6 Nf8 20. Qf5 Qd7 21. e6 Qd8 22. c4 Nh7 23. cxd5 Nf6 24. d6 Bxg2 25. d7 Bb7 26. dxc8Q Qxc8 27. f3 Bxf3 28. Qe5 Bb7 29. Qc7 Nd5 30. Qxc8+ Bxc8 31. Kh2 Ra6 32. a4 b4 33. Re5 Nc7 34. d4 Bd6 35. Re4 Bxe6 36. dxc5 Bxf4 37. gxf4 Rc6 38. Re5 Bb3 39. f5 Na6 40. Rg1 Kg8 41. Re8+ Kf7 42. Ra8 Nxc5 43. Ra7+ Kf8 44. Ra8+ Kf7 45. Ra7+ Kf8 46. Rxa5 Nxa4 47. Ra8+ Kf7 48. Ra7+ Kf8 49. Rgxg7 Nxb2 50. Rgb7 Rc2+ 51. Kg3 Rc3+ 52. Kf2 Nd3+ 53. Kg1 Rc1+ 54. Kh2 Re1 55. Rh7 Re2+ 56. Kg1 1/2-1/2

[Event "Ruhrgebiet Regionalliga 1617"]
[Site "Germany"]
[Date "2017.03.19"]
[Round "8.7"]
[White "Stratmann, Holger"]
[Black "Albers, Damian"]
[Result "1-0"]
[WhiteElo "1970"]
[BlackElo "2089"]
[PlyCount "87"]
[EventDate "2016.09.11"]
[EventType "team-tourn"]
[EventRounds "9"]
[EventCountry "GER"]
[SourceTitle "EXT 2022"]
[Source "ChessBase"]
[SourceDate "2021.10.06"]
[SourceVersion "1"]
[SourceVersionDate "2021.10.06"]
[SourceQuality "1"]
[WhiteTeam "Katernberg SF III"]
[BlackTeam "Brackel SF"]
[WhiteTeamCountry "GER"]
[BlackTeamCountry "GER"]

1. Nf3 Nf6 2. d4 e6 3. e3 b6 4. Bd3 Bb7 5. 0-0 d6 6. b3 Nbd7 7. Bb2 Ne4 8. c4 f5 9. Nc3 Ndf6 10. Qc2 Be7 11. Nd2 Nxd2 12. Qxd2 0-0 13. f3 Qe8 14. Rae1 Qh5 15. e4 fxe4 16. Nxe4 Rae8 17. Ng5 Ng4 18. Bxh7+ Kh8 19. fxg4 Bxg5 20. gxh5 Bxd2 21. Bg6 Bxe1 22. Bxe8 Rxe8 23. Rxe1 Kh7 24. g4 c5 25. dxc5 bxc5 26. Rf1 Kg8 27. h6 e5 28. h7+ Kxh7 29. Rf7 Bc8 30. h3 a6 31. Kg2 Kg6 32. Rc7 Kf6 33. Kg3 g6 34. h4 Ke6 35. Bc1 Bd7 36. Ra7 Rf8 37. h5 gxh5 38. gxh5 Be8 39. h6 Rg8+ 40. Kf2 Rf8+ 41. Ke1 Rf7 42. Rxa6 Rb7 43. Be3 Rc7 44. Bxc5 1-0

[Event "Ruhrgebiet Regionalliga 1617"]
[Site "Germany"]
[Date "2016.12.04"]
[Round "4.7"]
[White "Grodotzki, Kenneth"]
[Black "Albers, Damian"]
[Result "1-0"]
[WhiteElo "1974"]
[BlackElo "2089"]
[PlyCount "79"]
[EventDate "2016.09.11"]
[EventType "team-tourn"]
[EventRounds "9"]
[EventCountry "GER"]
[SourceTitle "EXT 2022"]
[Source "ChessBase"]
[SourceDate "2021.10.06"]
[SourceVersion "1"]
[SourceVersionDate "2021.10.06"]
[SourceQuality "1"]
[WhiteTeam "Muelheim Nord III"]
[BlackTeam "Brackel SF"]
[WhiteTeamCountry "GER"]
[BlackTeamCountry "GER"]

1. f4 d5 2. Nf3 Nf6 3. d3 c5 4. g3 g6 5. Bg2 Bg7 6. 0-0 0-0 7. Qe1 Nc6 8. c3 Re8 9. Qf2 Qb6 10. Ne5 Bf5 11. h3 h5 12. Kh2 Rad8 13. Nd2 d4 14. Nxc6 bxc6 15. cxd4 cxd4 16. Nc4 Qc7 17. Bd2 Qc8 18. Rac1 Nd5 19. Na5 c5 20. b4 Nc3 21. Bxc3 dxc3 22. Qxc5 Qxc5 23. bxc5 Rc8 24. c6 Be6 25. Rc2 Rb8 26. Nb7 Bd4 27. Re1 Be3 28. Rb1 h4 29. Rb4 hxg3+ 30. Kxg3 Bc8 31. Ra4 e5 32. fxe5 Rxe5 33. Rxc3 Rg5+ 34. Kh2 Bb6 35. Kh1 Rb5 36. Rc1 Be3 37. Rf1 Rb2 38. Re4 Bb6 39. Re8+ Kg7 40. Nd6 1-0

[Event "Ruhrgebiet Regionalliga 1516"]
[Site "Germany"]
[Date "2015.12.06"]
[Round "4.5"]
[White "Albers, Damian"]
[Black "Schmidt, Ralph"]
[Result "1-0"]
[WhiteElo "2113"]
[BlackElo "1925"]
[PlyCount "41"]
[EventDate "2015.09.13"]
[EventType "team-tourn"]
[EventRounds "9"]
[EventCountry "GER"]
[SourceTitle "EXT 2022"]
[Source "ChessBase"]
[SourceDate "2021.10.06"]
[SourceVersion "1"]
[SourceVersionDate "2021.10.06"]
[SourceQuality "1"]
[WhiteTeam "Brackel SF"]
[BlackTeam "Bochum-Linden"]
[WhiteTeamCountry "GER"]
[BlackTeamCountry "GER"]

1. e4 e5 2. f4 exf4 3. Bc4 d6 4. d4 Nf6 5. Nc3 Bg4 6. Nf3 Nh5 7. 0-0 g6 8. e5 dxe5 9. Bxf7+ Ke7 10. Bd5 c6 11. Qe1 Bg7 12. Nxe5 Kf8 13. Bxf4 Bf5 14. g4 Nxf4 15. Rxf4 cxd5 16. gxf5 Bh6 17. Rf3 Qg5+ 18. Kh1 gxf5 19. Nxd5 Nc6 20. Nxc6 bxc6 21. Rxf5+ 1-0

[Event "Ruhrgebiet Regionalliga 1415"]
[Site "Germany"]
[Date "2015.04.12"]
[Round "8.3"]
[White "Pruess, Wilfried"]
[Black "Albers, Damian"]
[Result "1/2-1/2"]
[WhiteElo "2107"]
[BlackElo "2113"]
[PlyCount "52"]
[EventDate "2014.09.28"]
[EventType "team-tourn"]
[EventRounds "9"]
[EventCountry "GER"]
[SourceTitle "EXT 2022"]
[Source "ChessBase"]
[SourceDate "2021.10.06"]
[SourceVersion "1"]
[SourceVersionDate "2021.10.06"]
[SourceQuality "1"]
[WhiteTeam "Hamm Koenigsspringer"]
[BlackTeam "Brackel SF"]
[WhiteTeamCountry "GER"]
[BlackTeamCountry "GER"]

1. d4 Nc6 2. Nf3 d6 3. g3 e5 4. dxe5 Nxe5 5. Nxe5 dxe5 6. Qxd8+ Kxd8 7. Bg2 c6 8. 0-0 Bc5 9. c3 Kc7 10. b4 Bd6 11. a3 Be6 12. Nd2 a5 13. Bb2 Nf6 14. c4 axb4 15. axb4 Rxa1 16. Rxa1 Bxb4 17. Bxe5+ Bd6 18. Bc3 Rg8 19. Ra4 Nd7 20. Ne4 Nc5 21. Nxc5 Bxc5 22. Be5+ Kb6 23. Bc3 Kc7 24. Be5+ Kd7 25. e3 f6 26. Bd4 Kd6 1/2-1/2

[Event "Pula op 25th"]
[Site "Pula"]
[Date "2011.06.18"]
[Round "1"]
[White "Albers, Damian"]
[Black "Antal, Gergely"]
[Result "0-1"]
[WhiteElo "2017"]
[BlackElo "2530"]
[PlyCount "76"]
[EventDate "2011.06.18"]
[EventType "swiss"]
[EventRounds "9"]
[EventCountry "CRO"]
[SourceTitle "CBM 143 Extra"]
[Source "ChessBase"]
[SourceDate "2011.08.29"]
[SourceVersion "1"]
[SourceVersionDate "2011.08.29"]
[SourceQuality "1"]

1. e4 d5 2. exd5 Qxd5 3. Nc3 Qd6 4. d4 Nf6 5. Nf3 g6 6. Bg5 Bg7 7. Qd2 a6 8. Be2 0-0 9. Bf4 Qd8 10. Ne5 Be6 11. Rd1 Nd5 12. Bh6 Nxc3 13. bxc3 c6 14. c4 f6 15. Bxg7 Kxg7 16. Ng4 Bxg4 17. Bxg4 b5 18. 0-0 Nd7 19. Bf3 Rc8 20. cxb5 axb5 21. Qb4 c5 22. dxc5 Qc7 23. c4 bxc4 24. Bb7 Rb8 25. Qa4 Ne5 26. c6 Rfd8 27. h3 g5 28. Qa6 Rd3 29. Rxd3 cxd3 30. Rd1 Rd8 31. a4 Rd5 32. Qa8 Rc5 33. Ba6 Qd6 34. Qb7 g4 35. c7 Rxc7 36. Qa8 Rc2 37. hxg4 Nxg4 38. g3 Nxf2 0-1

[Event "Ruhrgebiet Regionalliga 1011"]
[Site "Nordrheinwestfalen"]
[Date "2011.05.08"]
[Round "9.5"]
[White "Neumann, Carsten"]
[Black "Albers, Damian"]
[Result "1-0"]
[WhiteElo "2074"]
[BlackElo "2038"]
[PlyCount "121"]
[EventDate "2010.09.19"]
[EventType "team-tourn"]
[EventRounds "9"]
[EventCountry "GER"]
[SourceTitle "EXT 2020"]
[Source "ChessBase"]
[SourceDate "2019.10.17"]
[SourceVersion "1"]
[SourceVersionDate "2019.10.17"]
[SourceQuality "1"]
[WhiteTeam "Kamen SV"]
[BlackTeam "Brackel SF"]
[WhiteTeamCountry "GER"]
[BlackTeamCountry "GER"]

1. g3 e5 2. Bg2 Nc6 3. d3 f5 4. e4 Nf6 5. exf5 Bc5 6. Be3 Nd4 7. g4 Qe7 8. Nh3 h5 9. Bxd4 Bxd4 10. g5 Ng4 11. Nc3 c6 12. Qe2 d5 13. Nd1 Bxf5 14. c3 0-0-0 15. cxd4 Qb4+ 16. Qd2 Qxd4 17. f3 Bxd3 18. fxg4 hxg4 19. Nhf2 e4 20. Ne3 g3 21. Nxd3 exd3 22. 0-0-0 Qc5+ 23. Kb1 Rde8 24. Nxd5 Re2 25. Qxd3 Qf2 26. Bh3+ Kb8 27. Qxg3+ Qxg3 28. hxg3 cxd5 29. Bg4 Rxh1 30. Rxh1 Re5 31. Rc1 a6 32. Rc8+ Ka7 33. Rc3 Rxg5 34. Bd7 d4 35. Rd3 Kb6 36. g4 Kc5 37. Rf3 Kd6 38. Bc8 Kc7 39. Bf5 g6 40. Bd3 Rxg4 41. Rf7+ Kd6 42. Rf6+ Kc5 43. Rxg6 Rh4 44. Rg5+ Kb4 45. a3+ Kb3 46. Rc5 Rh1+ 47. Rc1 Rh2 48. Bc4+ Ka4 49. Ka2 Ka5 50. Rd1 b5 51. Bd5 Rh4 52. Rd3 b4 53. Bc4 bxa3 54. Rxa3+ Kb4 55. Bxa6 Rh2 56. Bd3 Rh1 57. Rb3+ Ka4 58. Rb6 Rh2 59. Rd6 Rh4 60. Rc6 Ka5 61. Ka3 1-0

[Event "Ruhrgebiet Regionalliga 1011"]
[Site "Nordrheinwestfalen"]
[Date "2010.11.21"]
[Round "3.4"]
[White "Ackermann, Frank"]
[Black "Albers, Damian"]
[Result "0-1"]
[WhiteElo "1985"]
[BlackElo "2038"]
[PlyCount "160"]
[EventDate "2010.09.19"]
[EventType "team-tourn"]
[EventRounds "9"]
[EventCountry "GER"]
[SourceTitle "EXT 2020"]
[Source "ChessBase"]
[SourceDate "2019.10.17"]
[SourceVersion "1"]
[SourceVersionDate "2019.10.17"]
[SourceQuality "1"]
[WhiteTeam "Oberhausen SV II"]
[BlackTeam "Brackel SF"]
[WhiteTeamCountry "GER"]
[BlackTeamCountry "GER"]

1. e4 Nc6 2. d4 d5 3. e5 f6 4. f4 Bf5 5. c3 Qd7 6. Nf3 Be4 7. Be3 f5 8. Nbd2 Nh6 9. h3 g6 10. Ng5 Nd8 11. Qb3 e6 12. Rg1 Be7 13. Rc1 0-0 14. c4 dxc4 15. Bxc4 Bd5 16. Nxe6 Bxe6 17. d5 b5 18. dxe6 bxc4 19. exd7 cxb3 20. Nxb3 Ne6 21. Rc6 Kf7 22. Nd4 Nxd4 23. Bxd4 Rfd8 24. e6+ Kf8 25. Rxc7 Bd6 26. Rc6 Ke7 27. Be5 Bxe5 28. fxe5 Rab8 29. Kd2 Rxb2+ 30. Kd3 Rb6 31. Rgc1 Rxc6 32. Rxc6 f4 33. Ke4 Nf5 34. Rc8 Ng7 35. Rc7 Nxe6 36. Rxa7 Nc5+ 37. Kxf4 Rf8+ 38. Kg5 Rf5+ 39. Kh6 Rh5+ 40. Kg7 Nxd7 41. a4 Ke6 42. Ra8 Nxe5 43. Re8+ Kd7 44. Rh8 Rh4 45. Rxh7 Rxa4 46. Kf6+ Kd6 47. Rh8 Rf4+ 48. Kg5 Rf2 49. Rd8+ Ke7 50. Ra8 Rxg2+ 51. Kf4 Nf7 52. Ra6 Kf8 53. Kf3 Rg1 54. Kf2 Rg5 55. Ra7 Kg7 56. Rb7 Rd5 57. Ra7 Kf6 58. h4 Nd6 59. Ra6 Kg7 60. Ra4 Nf5 61. h5 gxh5 62. Kf3 Nd6 63. Kf4 Kf6 64. Rb4 Rf5+ 65. Kg3 Kg5 66. Ra4 Rd5 67. Kg2 Rd3 68. Kh2 Nf5 69. Kg2 Rg3+ 70. Kh2 Rg4 71. Ra8 Kh4 72. Ra3 Re4 73. Ra2 Nd4 74. Rb2 Re2+ 75. Rxe2 Nxe2 76. Kg2 Kg4 77. Kh1 Nf4 78. Kh2 Kf3 79. Kg1 Kg3 80. Kh1 Nd3 0-1

[Event "Ruhrgebiet Regionalliga 1011"]
[Site "Nordrheinwestfalen"]
[Date "2010.10.31"]
[Round "2.6"]
[White "Albers, Damian"]
[Black "Butschek, Marc"]
[Result "1-0"]
[WhiteElo "2038"]
[BlackElo "1907"]
[PlyCount "105"]
[EventDate "2010.09.19"]
[EventType "team-tourn"]
[EventRounds "9"]
[EventCountry "GER"]
[SourceTitle "EXT 2020"]
[Source "ChessBase"]
[SourceDate "2019.10.17"]
[SourceVersion "1"]
[SourceVersionDate "2019.10.17"]
[SourceQuality "1"]
[WhiteTeam "Brackel SF"]
[BlackTeam "Bochum SG III"]
[WhiteTeamCountry "GER"]
[BlackTeamCountry "GER"]

1. e4 e6 2. d4 d5 3. Nc3 Nf6 4. e5 Ne4 5. Nce2 f5 6. h4 Be7 7. g3 0-0 8. Bf4 c5 9. f3 g5 10. hxg5 Nxg5 11. Bxg5 Bxg5 12. f4 Be7 13. Nf3 Nc6 14. c3 Qb6 15. Qd2 Bd7 16. a3 Na5 17. dxc5 Bxc5 18. Ned4 Bxd4 19. Nxd4 Nb3 20. Nxb3 Qxb3 21. Bd3 Bb5 22. Bc2 Qc4 23. Qh2 Rf7 24. 0-0-0 Qc7 25. Qh6 Re8 26. g4 Be2 27. gxf5 Bxd1 28. fxe6 Rxe6 29. Bxh7+ Rxh7 30. Qxe6+ Qf7 31. Qxf7+ Rxf7 32. Rxd1 Rxf4 33. Rxd5 Re4 34. Rd7 Rxe5 35. Rxb7 a5 36. Kc2 Kf8 37. Kb3 Ke8 38. Ka4 Kd8 39. Rb5 Re4+ 40. Kxa5 Kc7 41. b3 Kc6 42. c4 Re1 43. Kb4 Re3 44. a4 Rf3 45. a5 Rf8 46. Rb6+ Kc7 47. Kb5 Rf7 48. c5 Rf1 49. a6 Rb1 50. Rb7+ Kc8 51. b4 Ra1 52. Kb6 Ra4 53. b5 1-0

[Event "Ruhrgebiet Regionalliga 0708"]
[Site "Germany"]
[Date "2008.05.04"]
[Round "9.6"]
[White "Albers, Damian"]
[Black "Busche, Klaus"]
[Result "1/2-1/2"]
[WhiteElo "1994"]
[BlackElo "2177"]
[PlyCount "25"]
[EventDate "2007.09.16"]
[EventType "team"]
[EventRounds "9"]
[EventCountry "GER"]
[SourceTitle "EXT 2009"]
[Source "ChessBase"]
[SourceDate "2008.11.26"]
[SourceVersion "1"]
[SourceVersionDate "2008.11.26"]
[SourceQuality "1"]
[WhiteTeam "Brackel"]
[BlackTeam "Ahlen"]
[WhiteTeamCountry "GER"]
[BlackTeamCountry "GER"]

1. d4 d5 2. Nf3 Bf5 3. c4 e6 4. Nc3 c6 5. Qb3 Qd7 6. Bf4 dxc4 7. Qxc4 b6 8. e4 Bg6 9. Ne5 Bb4 10. Nxg6 hxg6 11. a3 Ba5 12. Bd3 Nf6 13. Bc2 1/2-1/2

[Event "GER-chT U20"]
[Site "Kelbra"]
[Date "2006.12.28"]
[Round "4.2"]
[White "Albers, Damian"]
[Black "Grodotzki, Kenneth"]
[Result "1-0"]
[WhiteElo "1982"]
[BlackElo "1955"]
[PlyCount "83"]
[EventDate "2006.12.27"]
[EventType "team-swiss"]
[EventRounds "7"]
[EventCountry "GER"]
[SourceTitle "EXT 2008"]
[Source "ChessBase"]
[SourceDate "2007.11.25"]
[SourceVersion "1"]
[SourceVersionDate "2007.11.25"]
[SourceQuality "1"]
[WhiteTeam "Koeln Muelheim U20"]
[BlackTeam "Muelheim Nord U20"]
[WhiteTeamCountry "GER"]
[BlackTeamCountry "GER"]

1. d4 f5 2. Nf3 Nf6 3. c4 g6 4. Nc3 Bg7 5. Qc2 0-0 6. b3 Na6 7. Ba3 d6 8. Rd1 c6 9. Bb2 Qc7 10. e3 e5 11. dxe5 dxe5 12. Be2 Re8 13. 0-0 Be6 14. Ng5 Kh8 15. e4 f4 16. Rd2 Bg8 17. Rfd1 h6 18. Nf3 g5 19. a3 Nc5 20. b4 Ncd7 21. Ne1 Nf8 22. Na4 Bh7 23. f3 g4 24. c5 Ne6 25. Rd6 Ng5 26. Nd3 Nf7 27. Nxf4 Nxd6 28. cxd6 Qd8 29. Nd3 Nd7 30. Nac5 Rb8 31. Nxd7 Qxd7 32. Nc5 Qd8 33. fxg4 b6 34. Na6 Rb7 35. Qxc6 Qc8 36. Nc7 Rd8 37. b5 Bg6 38. Ne6 Qxe6 39. Qxb7 Rxd6 40. Qb8+ Kh7 41. Qxd6 Qb3 42. Qd2 1-0

[Event "GER-chT U20"]
[Site "Kelbra"]
[Date "2006.12.27"]
[Round "1.2"]
[White "Braun, Arik"]
[Black "Albers, Damian"]
[Result "1-0"]
[WhiteElo "2525"]
[BlackElo "1982"]
[PlyCount "83"]
[EventDate "2006.12.27"]
[EventType "team-swiss"]
[EventRounds "7"]
[EventCountry "GER"]
[SourceTitle "EXT 2008"]
[Source "ChessBase"]
[SourceDate "2007.11.25"]
[SourceVersion "1"]
[SourceVersionDate "2007.11.25"]
[SourceQuality "1"]
[WhiteTeam "Eppingen U20"]
[BlackTeam "Koeln Muelheim U20"]
[WhiteTeamCountry "GER"]
[BlackTeamCountry "GER"]

1. d4 d5 2. Nf3 Nf6 3. c4 c6 4. Nc3 a6 5. c5 Nbd7 6. Bf4 Nh5 7. Bg5 h6 8. Bd2 g6 9. e4 dxe4 10. Nxe4 Ndf6 11. Nxf6+ Nxf6 12. Bc4 Bg7 13. Ne5 e6 14. Bf4 Qa5+ 15. Kf1 0-0 16. Bb3 Qd8 17. h4 Nd7 18. Rh3 Nxe5 19. Bxe5 b6 20. Rc1 Bxe5 21. dxe5 bxc5 22. Rxc5 Qxd1+ 23. Bxd1 Rd8 24. Ke1 Rd5 25. Rhc3 Rb8 26. b3 Bd7 27. Bf3 Rxc5 28. Rxc5 Kf8 29. Kd2 Ke7 30. Kc3 Kd8 31. Ra5 Rb6 32. Be2 Bc8 33. Kc4 Rb5 34. Rxb5 cxb5+ 35. Kc5 Kc7 36. Bf3 Bd7 37. b4 Be8 38. g3 Bd7 39. h5 g5 40. Be4 Be8 41. g4 Bd7 42. f4 1-0

[Event "GER-ch op U25"]
[Site "Willingen"]
[Date "2006.06.04"]
[Round "3"]
[White "Albers, Damian"]
[Black "Coenen, Michael"]
[Result "1-0"]
[WhiteElo "1974"]
[BlackElo "2109"]
[PlyCount "139"]
[EventDate "2006.06.04"]
[EventType "swiss"]
[EventRounds "9"]
[EventCountry "GER"]
[SourceTitle "EXT 2007"]
[Source "ChessBase"]
[SourceDate "2006.11.23"]
[SourceVersion "1"]
[SourceVersionDate "2006.11.23"]
[SourceQuality "1"]

1. e4 c6 2. Nf3 d5 3. exd5 cxd5 4. Ne5 Nf6 5. d4 a6 6. Bd3 Nc6 7. c3 e6 8. f4 Bd6 9. 0-0 0-0 10. Nd2 Qe8 11. Qc2 h6 12. Ndf3 Nd7 13. Bh7+ Kh8 14. g4 Ne7 15. Bd3 f5 16. g5 h5 17. a4 g6 18. b3 Nxe5 19. fxe5 Bc7 20. Ba3 Bd7 21. Nh4 Kg7 22. Ng2 Rc8 23. Nf4 Rh8 24. h4 Ba5 25. Ne2 Nc6 26. Qb2 Na7 27. Bc5 Nc6 28. Rfc1 Bd8 29. Bd6 Bb6 30. Kg2 Nd8 31. Ba3 Nf7 32. Kf3 Bd8 33. Rg1 b5 34. axb5 Bxb5 35. Nf4 Bxd3 36. Nxd3 Qc6 37. Bc5 Qb5 38. Nf4 Re8 39. Rge1 Bc7 40. b4 Rb8 41. Qe2 a5 42. Qxb5 Rxb5 43. bxa5 Nxe5+ 44. Kg2 Kf7 45. a6 Rb2+ 46. Kh1 Nf3 47. Re2 Rbb8 48. Ng2 Ra8 49. a7 Red8 50. Ra6 e5 51. Rb2 Rd7 52. Rb7 exd4 53. cxd4 Ke8 54. Rxg6 Kf7 55. Rc6 f4 56. Rbxc7 Ke8 57. Rxd7 Kxd7 58. Rd6+ Kc7 59. Rxd5 Nd2 60. Nxf4 Ne4 61. Re5 Nf2+ 62. Kg2 Ng4 63. Re6 Kd7 64. Rd6+ Kc7 65. Nd5+ Kb7 66. Rd7+ Kc6 67. Nb6 Re8 68. Rd6+ Kb7 69. a8Q+ Rxa8 70. Nxa8 1-0

[Event "GER-chT U20"]
[Site "Berlin"]
[Date "2005.12.29"]
[Round "6.4"]
[White "Kirch, Florian"]
[Black "Albers, Damian"]
[Result "1-0"]
[WhiteElo "1821"]
[BlackElo "1974"]
[PlyCount "139"]
[EventDate "2005.12.27"]
[EventType "team-swiss"]
[EventRounds "7"]
[EventCountry "GER"]
[SourceTitle "EXT 2022"]
[Source "ChessBase"]
[SourceDate "2021.10.06"]
[SourceVersion "1"]
[SourceVersionDate "2021.10.06"]
[SourceQuality "1"]
[WhiteTeam "Grossenseebach U20"]
[BlackTeam "Koeln Muelheim U20"]
[WhiteTeamCountry "GER"]
[BlackTeamCountry "GER"]

1. d4 Nf6 2. c4 e6 3. Nc3 d5 4. cxd5 exd5 5. Bg5 Be7 6. e3 c6 7. Bd3 Bg4 8. Nge2 Nbd7 9. 0-0 0-0 10. Qc2 Re8 11. Rfb1 h6 12. Bh4 Nf8 13. b4 Qd7 14. b5 Ne4 15. Bxe7 Nxc3 16. Nxc3 Rxe7 17. Na4 cxb5 18. Rxb5 Bf5 19. Rab1 Bxd3 20. Qxd3 Qc6 21. Nc3 Rd8 22. Rc5 Qe6 23. Ne2 Ng6 24. a4 b6 25. Rc2 Rc8 26. Rxc8+ Qxc8 27. Rb5 Qc6 28. Qb3 Rd7 29. h3 Ne7 30. Nf4 Kf8 31. Nd3 Rc7 32. a5 bxa5 33. Rxa5 Qc4 34. Qa3 Kg8 35. Nc5 Qe2 36. Rxa7 Rxa7 37. Qxa7 Qe1+ 38. Kh2 Nf5 39. Qb8+ Kh7 40. Qf4 g6 41. Nd7 Qb4 42. Nf6+ Kg7 43. Nxd5 Qd6 44. Qxd6 Nxd6 45. Kg3 f5 46. f3 g5 47. Nc3 f4+ 48. exf4 Nf5+ 49. Kg4 Ne3+ 50. Kh5 gxf4 51. Ne2 Nxg2 52. Kg4 Kf6 53. Nxf4 Ne3+ 54. Kh5 Nf5 55. Ne2 Kg7 56. Kg4 Kf6 57. Kf4 Nd6 58. Nc3 Nf7 59. d5 Kg6 60. Ne4 h5 61. d6 Nd8 62. Ke5 Nc6+ 63. Ke6 Nd4+ 64. Ke7 Nxf3 65. Ke6 Nd4+ 66. Kd5 Nb5 67. d7 Nc7+ 68. Kd6 Nb5+ 69. Kc6 Nd4+ 70. Kd5 1-0

[Event "GER-chT U20"]
[Site "Berlin"]
[Date "2005.12.27"]
[Round "1.4"]
[White "Albers, Damian"]
[Black "Buckan, Jens"]
[Result "1-0"]
[WhiteElo "1974"]
[BlackElo "2107"]
[PlyCount "173"]
[EventDate "2005.12.27"]
[EventType "team-swiss"]
[EventRounds "7"]
[EventCountry "GER"]
[SourceTitle "EXT 2022"]
[Source "ChessBase"]
[SourceDate "2021.10.06"]
[SourceVersion "1"]
[SourceVersionDate "2021.10.06"]
[SourceQuality "1"]
[WhiteTeam "Koeln Muelheim U20"]
[BlackTeam "Erfurt Medizin U20"]
[WhiteTeamCountry "GER"]
[BlackTeamCountry "GER"]

1. e4 c5 2. Nf3 d6 3. d4 cxd4 4. Nxd4 Nf6 5. Nc3 a6 6. Be3 e6 7. Be2 Qc7 8. Qd2 b5 9. f3 Be7 10. 0-0 0-0 11. Rfc1 Nbd7 12. a4 b4 13. Na2 d5 14. Nxb4 dxe4 15. c4 Bb7 16. f4 Bc5 17. Nb3 Rfd8 18. Qc3 Rac8 19. Nc2 Bxe3+ 20. Qxe3 a5 21. Na3 Nc5 22. Nxc5 Qxc5 23. Qxc5 Rxc5 24. Rd1 Rcc8 25. Nb5 Kf8 26. Rxd8+ Rxd8 27. Rd1 Rxd1+ 28. Bxd1 Ke7 29. Kf2 e3+ 30. Kxe3 Bxg2 31. Nd4 Bf1 32. c5 Nd5+ 33. Kf2 Ba6 34. Nc6+ Ke8 35. Nxa5 Nxf4 36. Ke3 Nd3 37. Kd4 Nxb2 38. Bc2 Kd8 39. Kc3 Nxa4+ 40. Bxa4 g5 41. Nc6+ Kc7 42. Ne5 f6 43. Nd7 f5 44. Nf8 Bc8 45. Nxh7 g4 46. Kd4 f4 47. Ng5 g3 48. h4 e5+ 49. Ke4 Bg4 50. Nf3 g2 51. Ng1 f3 52. Ke3 Kb7 53. Be8 e4 54. Bg6 Kc6 55. Bxe4+ Kxc5 56. Bxf3 Bf5 57. Bxg2 Kd6 58. Kf4 Bh7 59. Be4 Bg8 60. Kg5 Ke5 61. Bg6 Ke6 62. Nf3 Ke7 63. Nd4 Kf8 64. Kf6 Bc4 65. Bh7 Bf7 66. Nf5 Bh5 67. Ne7 Be2 68. Ng6+ Ke8 69. Nf4 Bd1 70. Kg7 Ke7 71. Bd3 Kd6 72. Be2 Bc2 73. h5 Ke5 74. Bd3 Bd1 75. h6 Kxf4 76. h7 Ke3 77. Bg6 Bb3 78. h8Q Bc4 79. Kf6 Kd4 80. Qd8+ Kc3 81. Ke5 Kb4 82. Qb6+ Kc3 83. Qc5 Kb3 84. Kd4 Be2 85. Bd3 Bd1 86. Qb5+ Ka2 87. Kc3 1-0

[Event "NRW U25 op"]
[Site "Olpe"]
[Date "2005.10.01"]
[Round "1.4"]
[White "Gramse, Sebastian"]
[Black "Albers, Damian"]
[Result "0-1"]
[WhiteElo "1557"]
[BlackElo "1974"]
[PlyCount "36"]
[EventDate "2005.10.01"]
[EventType "swiss"]
[EventRounds "7"]
[EventCountry "GER"]
[SourceTitle "CBM 108 Extra"]
[Source "ChessBase"]
[SourceDate "2005.11.04"]
[SourceVersion "1"]
[SourceVersionDate "2005.11.04"]
[SourceQuality "1"]

1. e4 Nc6 2. Nf3 g6 3. d4 Bg7 4. Nc3 d6 5. Be3 Nf6 6. Be2 0-0 7. Nd2 e5 8. Nb3 a5 9. d5 Ne7 10. f3 a4 11. Nc1 c6 12. Bg5 cxd5 13. Bxf6 Bxf6 14. Nxd5 Qa5+ 15. Nc3 a3 16. Nb3 Qb4 17. Qc1 axb2 18. Qxb2 Nd5 0-1